Responses for show #593 - Wednesday, March 18, 1987

John Ryan game 5.

Contestants

Eric Oberhand, a computer consultant from Los Angeles, California

Maxine Paley, an auto body and paint shop owner originally from Brooklyn, New York

John Ryan, a student from Santa Barbara, California (whose 4-day cash winnings total $48,800)

Jeopardy! Round responses

WORDS OF THE PAST
BALLET
BIBLICAL ZOO
FOOTBALL
DOLLY PARTON
HOT DOG!
    $100 10
pig

John
    $100 1
2

Maxine
    $100 15
dove

John
    $100 2
(John: Who is the umpire?)

referee

JohnMaxine
    $100 21
(Eric: What is Disneyland?)
(Maxine: What is Dollyland?)

Dollywood

MaxineEric
Triple Stumper
    $100 12
skin (casing)

John
    $200 11
making it up (putting makeup on)

Maxine
    $200 5
5

Maxine
    $200 16
camel

Maxine
    $200 3
(John: What is rugby?)

soccer

John
Triple Stumper
    $200 22
win

Eric
    $200 17
(Maxine: What is nutmeg?)

sage

Maxine
Triple Stumper
    $300 13
being unfaithful

Triple Stumper
    $300 8
(John: What is the [*] de ballet?)

corps

John
    $300 23
grasshoppers

Maxine
    $300 4
Richard Nixon

John
    $300 18
red hots

Eric
    $400 19
dress (skirt)

Eric
    $400 9
Louis XIV

Eric
    $400 24
lamb

Maxine
    $400 6
(Maxine: What is three?)

4

MaxineEric
    $400 25
Oscar Mayer

Eric
    $500 20
decorator or designer

Maxine
    $500 14
(John: What is Swan Lake?)

The Nutcracker

John
    $500 26
(Eric: What is a dead hero?)

lion

Eric
Triple Stumper
    $500 7
drop kick

John
    $500 27
boil them

Triple Stumper

Scores at the first commercial break (after clue 12):

John Maxine Eric
$1,000 $200 $800

Scores at the end of the Jeopardy! Round:

John Maxine Eric
$600 $1,300 $1,500

Double Jeopardy! Round responses

BLACK AMERICA
TRANSPORTATION
20th CENTURY ART
TOUGH TV TRIVIA
FORMER CAPITALS
"BUN"S
    $200 12
Jesse Jackson

Eric
    $200 5
stern

John
    $200 1
marble

John
    $200 17
Norm

Triple Stumper
    $200 14
Tel-Aviv

Eric
    $200 3
bundt

John
    $400 13
Grambling

Eric
    $400 8
Budapest

Eric
    $400 2
(Eric: What are parking meters?)

cars

MaxineEric
    $400 26
wizard

Maxine
    $400 15
Trenton

Maxine
    $400 16
bunkmate

Maxine
    $500 20
(John: Who is Smokey Robinson?)
...
(Alex: And it's been my great pleasure to be associated with that telethon for the past two years. Sorry, that cost you there, John. You'll remember it from now on I'm sure.")

Lou Rawls

John
    $600 9
(What is Amtrak?)

Department of Transportation

MaxineEric
    $600 4
blue

Eric
    $600 19
Newport

John
    $600 18
Playboy Bunnies

Eric
    $800 23
Cicely Tyson

Eric
    $400 10
wing

Eric
    $800 6
motion

John
    $800 21
Kyoto

John
    $800 25
McGeorge Bundy

John
    $1000 24
Newark (New Jersey)

Eric
    $1000 11
(Eric: What is the Soviet Union?)

Japan

JohnEric
    $1000 7
Jackson Pollock

John
    $1000 22
Krakow

John

Scores at the end of the Double Jeopardy! Round:

John Maxine Eric
$6,700 $2,300 $5,300

[wagering suggestions for these scores]

Final Jeopardy! Round responses

U.S. CITIES
MaxineWhat is St. Louis?
$1,000
EricWhat is St Louis?
$2,000
JohnWhat is New New Orleans?
$6,300
New Orleans

Final scores:

John Maxine Eric
$13,000 $1,300 $3,300
5-day champion: $61,800 3rd place: Helbros sports watches 2nd place: Berkline wall away sofa & Zenith 9" color TV

Game dynamics:

Coryat scores:

John Maxine Eric
$7,700 $2,300 $5,700
16 R,
4 W
(including 2 DDs)
12 R,
4 W
16 R
(including 1 DD),
4 W

Combined Coryat: $15,700

The J! Archive is created by fans, for fans. The Jeopardy! game show and all elements thereof, including but not limited to copyright and trademark thereto, are the property of Jeopardy Productions, Inc. and are protected under law. This website is not affiliated with, sponsored by, or operated by Jeopardy Productions, Inc. Join the discussion at JBoard.tv.